[Event "GER-chT North U12"]
[Site "Magdeburg"]
[Date "2014.09.14"]
[Round "7.3"]
[White "Wiebigke, Erik"]
[Black "Jungklaus, Lars"]
[Result "0-1"]
[WhiteElo "905"]
[BlackElo "1260"]
[PlyCount "108"]
[EventDate "2014.09.11"]
[EventType "team-swiss"]
[EventRounds "7"]
[EventCountry "GER"]
[SourceTitle "EXT 2016"]
[Source "ChessBase"]
[SourceDate "2015.10.08"]
[SourceVersion "1"]
[SourceVersionDate "2015.10.08"]
[SourceQuality "1"]
[WhiteTeam "Roland Weissenfels"]
[BlackTeam "Doellnitz"]
[WhiteTeamCountry "GER"]
[BlackTeamCountry "GER"]

1. e4 c5 2. Nf3 Nc6 3. Bb5 d6 4. d4 cxd4 5. Nxd4 Bd7 6. Nxc6 Bxc6 7. Bxc6+ bxc6 8. 0-0 g6 9. Bf4 Bg7 10. Nc3 Nf6 11. e5 dxe5 12. Qxd8+ Rxd8 13. Bxe5 0-0 14. Bxf6 Bxf6 15. Ne4 Bxb2 16. Rab1 Bg7 17. Rb7 e6 18. Rxa7 Ra8 19. Rxa8 Rxa8 20. Rd1 h6 21. h3 Rxa2 22. Rd8+ Kh7 23. Rd7 Be5 24. g3 Kg7 25. h4 Rxc2 26. Nd2 Rc1+ 27. Kg2 Rd1 28. Rd3 c5 29. Re3 Bd4 30. Rd3 e5 31. f4 e4 32. Ra3 Rxd2+ 33. Kh3 e3 34. Ra1 e2 35. Re1 Bf2 36. Rh1 e1Q 37. Rxe1 Bxe1 38. g4 Rd3+ 39. Kg2 c4 40. Kf1 c3 41. Kxe1 c2 42. Ke2 c1Q 43. Kxd3 Qxf4 44. g5 hxg5 45. hxg5 Kf8 46. Ke2 Qg3 47. Kd2 Ke7 48. Ke2 Ke6 49. Kd2 Ke5 50. Ke2 Ke4 51. Kd2 Qd3+ 52. Ke1 Qc2 53. Kf1 Kf3 54. Kg1 Qg2# 0-1

[Event "GER-chT North U12"]
[Site "Magdeburg"]
[Date "2014.09.13"]
[Round "6.3"]
[White "Roeste, Hugo"]
[Black "Wiebigke, Erik"]
[Result "0-1"]
[WhiteElo "1068"]
[BlackElo "905"]
[PlyCount "128"]
[EventDate "2014.09.11"]
[EventType "team-swiss"]
[EventRounds "7"]
[EventCountry "GER"]
[SourceTitle "EXT 2016"]
[Source "ChessBase"]
[SourceDate "2015.10.08"]
[SourceVersion "1"]
[SourceVersionDate "2015.10.08"]
[SourceQuality "1"]
[WhiteTeam "Rostock Makkabi"]
[BlackTeam "Roland Weissenfels"]
[WhiteTeamCountry "GER"]
[BlackTeamCountry "GER"]

1. d4 d5 2. e3 Nc6 3. c4 dxc4 4. Bxc4 e5 5. Nf3 exd4 6. exd4 Bb4+ 7. Bd2 Bxd2+ 8. Qxd2 Nf6 9. 0-0 0-0 10. Nc3 Bg4 11. Qe2 Nxd4 12. Qe3 Bxf3 13. gxf3 Nc2 14. Qf4 Nxa1 15. Rxa1 a6 16. Rd1 Qe7 17. a3 Rad8 18. Rf1 b5 19. Bb3 h6 20. Qh4 Rd2 21. Qf4 Rxb2 22. Bd1 b4 23. axb4 Rxb4 24. Qg3 Rc4 25. Na2 Nh5 26. Qh3 Qg5+ 27. Kh1 Rh4 28. Qg2 Qe5 29. Nc1 Nf4 30. Qg3 Rh3 31. Qg4 h5 32. Qd7 Ne6 33. f4 Qe4+ 34. Kg1 Nxf4 35. f3 Qe3+ 36. Kh1 Qxc1 37. Be2 Qe3 38. Qd1 Nxe2 39. Qe1 Ng3+ 40. Kg2 Qxe1 41. Rxe1 Rh4 42. Kxg3 g5 43. Re5 f6 44. Ra5 Ra8 45. f4 Rxf4 46. h3 c5 47. Rxc5 a5 48. Rc1 a4 49. Ra1 a3 50. Kg2 a2 51. Kg3 Rb4 52. Kf3 Rb1 53. Rxa2 Rxa2 54. Kg3 f5 55. Kf3 g4+ 56. hxg4 fxg4+ 57. Kf4 Kg7 58. Kg5 g3 59. Kxh5 g2 60. Kg5 g1Q+ 61. Kf5 Rf2+ 62. Ke5 Qe1+ 63. Kd4 Rd2+ 64. Kc3 Qc1# 0-1